000 00563nam a2200145Ia 4500
008 100122s9999 xx 000 0 und d
082 _b6896
_a396
100 _aगांधी महात्मा
245 _aस्त्रीया व सामाजिक अन्याय
260 _bरत्नाकर प्रकाशन लि.
_c1949
300 _a136
630 _aस्त्रीया व सामाजिक अन्याय
730 _aस्त्रीया व सामाजिक अन्याय
942 _cBOOK
999 _c443365
_d443362